000 00519nam a2200193 i 4500
001 79599
003 ES-MaACL
005 20240425063213.0
007 t|
008 041022s1970 sp |||| | spa d
100 1 _aHernández, Ramón,
_d1935-
_962859
245 1 3 _aLa ira de la noche /
_cRamón Hernández.
260 _aBarcelona :
_bLínosa,
_c[1970]
300 _a234 p. ;
_c20 cm.
490 1 _aRayo de luz
830 0 _aRayo de luz
_9183629
852 _aES-MaACL
_jC-40115
999 _c79599
_d79599